<?xml version="1.0" encoding="UTF-8"?>
<collection xmlns="http://www.loc.gov/MARC21/slim">
 <record>
  <leader>00698pamaa2200193   4500</leader>
  <controlfield tag="001">0000014885</controlfield>
  <controlfield tag="005">20060606090000.0</controlfield>
  <datafield tag="020" ind1="0" ind2="0">
   <subfield code="a">0070857938 </subfield>
  </datafield>
  <datafield tag="082" ind1=" " ind2=" ">
   <subfield code="a">621.38173 DES</subfield>
  </datafield>
  <datafield tag="090" ind1="0" ind2="0">
   <subfield code="a">TK7874 </subfield>
   <subfield code="b">DES 1971</subfield>
  </datafield>
  <datafield tag="245" ind1="0" ind2="0">
   <subfield code="a">DESIGNING with TTL integrated circuits  </subfield>
   <subfield code="c">prepared by the IC aplications staff of Texas Instruments Incorporated and edited by Robert L. Morris and John R. Miller.</subfield>
  </datafield>
  <datafield tag="260" ind1="0" ind2="0">
   <subfield code="a">Auckland: </subfield>
   <subfield code="b">McGraw Hill, </subfield>
   <subfield code="c">1971.</subfield>
  </datafield>
  <datafield tag="300" ind1=" " ind2=" ">
   <subfield code="a">ix, 322p.: </subfield>
   <subfield code="b">21cm.</subfield>
  </datafield>
  <datafield tag="440" ind1="0" ind2="0">
   <subfield code="a">Texas Instruments electronics series</subfield>
  </datafield>
  <datafield tag="650" ind1="0" ind2="0">
   <subfield code="a">Transistor-transistor logic circuits </subfield>
  </datafield>
  <datafield tag="650" ind1="0" ind2="0">
   <subfield code="a">Integrated circuits </subfield>
  </datafield>
  <datafield tag="700" ind1="1" ind2="1">
   <subfield code="a">Morris, </subfield>
   <subfield code="h">Robert L. </subfield>
  </datafield>
  <datafield tag="700" ind1="1" ind2="1">
   <subfield code="a">Miller, </subfield>
   <subfield code="h">John R. </subfield>
  </datafield>
  <datafield tag="710" ind1="1" ind2="1">
   <subfield code="a">Texas Instruments Incorporated </subfield>
  </datafield>
 </record>
</collection>
